All Shinkansen stations on a map of the japanese train network - Statistics

General Stats
  • This quiz has been taken 212 times
  • The average score is 74 of 132
Answers on the Map
Answers color-coded by a green-red scale on the quiz's map according to % correct below.
 
Answer Stats
Answer % Correct
Shinagawa
98%
Tōkyō
98%
Ueno
98%
Shin-Ōsaka
95%
Higashi-Hiroshima
90%
Hiroshima
90%
Kyōto
90%
Nagoya
90%
Sapporo
90%
Hakata
86%
Sendai
86%
Shin-Kōbe
85%
Shin-Yokohama
85%
Akita
83%
Shin-Aomori
83%
Nagasaki
81%
Okayama
81%
Shizuoka
81%
Niigata
80%
Kagoshima-Chūō
79%
Nagano
79%
Ōmiya
79%
Shin-Hakodate-Hokuto
79%
Yamagata
79%
Fukushima
76%
Kanazawa
73%
Gifu-Hashima
72%
Shin-Fuji
72%
Hamamatsu
71%
Kokura
71%
Morioka
71%
Toyama
71%
Tsu
71%
Himeji
70%
Kumamoto
70%
Hizen-Yamaguchi
69%
Shin-Yamaguchi
69%
Atami
63%
Nara
63%
Utsunomiya
63%
Fukui
61%
Odawara
61%
Tsuruga
61%
Asa
60%
Jōetsumyōkō
60%
Takasaki
59%
Maibara
58%
Nishi-Akashi
58%
Shinjō
58%
Saga
57%
Shin-Shimonoseki
57%
Hachinohe
56%
Mikawa-Anjō
56%
Toyohashi
56%
Kōriyama
55%
Oyama
55%
Fukuyama
54%
Mishima
54%
Shin-Kurashiki
53%
Echigo-Yuzawa
52%
Karuizawa
52%
Kurume
52%
Ninohe
52%
Shichinohe-Towada
52%
Shin-Otaru
52%
Iwate-Numakunai
50%
Kakegawa
50%
Nagaoka
49%
Oku-Tsugaru-Imabetsu
49%
Tokuyama
49%
Kikonai
48%
Shin-Onomichi
48%
Shin-Shirakawa
48%
Shin-Tosu
48%
Yonezawa
48%
Shin-Iwakuni
47%
Shiroishi-Zaō
47%
Aioi
46%
Ichinoseki
46%
Mihara
46%
Tsubame-Sanjō
46%
Shin-Hanamaki
45%
Shin-Yatsushiro
45%
Furukawa
44%
Itoigawa
44%
Jōmō-Kōgen
44%
Kumagaya
44%
Mizusawa-Esashi
44%
Nasushiobara
44%
Ōmagari
44%
Shin-Minamata
44%
Shin-Ōmuta
44%
Tazawako
44%
Kurikoma-Kōgen
43%
Nan'etsu
43%
Takeo-Onsen
43%
Ueda
43%
Annaka-Haruna
42%
Honjō-Waseda
42%
Kaga-Onsen
42%
Kitakami
42%
Komatsu
42%
Sakudaira
42%
Shin-Takaoka
42%
Awara-Onsen
41%
Kōfu
41%
Urasa
41%
Kurobe-Unazuki-Onsen
40%
Shizukuishi
40%
Akayu
39%
Chikugo-Funagoya
39%
Kakunodate
39%
Kutchan
39%
Obama
39%
Shin-Tamana
38%
Iiyama
37%
Isahaya
37%
Izumi
37%
Ōishida
37%
Tendō
37%
Sakurambo-Higashine
36%
Shin-Ōmura
36%
Ureshino-Onsen
35%
Iida
34%
Kaminoyama-Onsen
34%
Oshamambe
34%
Murayama
33%
Shin-Yakumo
33%
Sagamihara
32%
Takahata
29%
Nakatsugawa
26%
No matching quizzes found
Score Distribution
Percent of People with Each Score
Percentile by Number Answered
Your Score History
You have not taken this quiz